Country names in Dutch - Statistics

General Stats
  • This quiz has been taken 32 times
  • The average score is 14 of 15
Answer Stats
Hint Answer % Correct
Cambodja Cambodia
100%
Chili Chile
100%
Duitsland Germany
100%
Spanje Spain
100%
Indonesië Indonesia
97%
Papoea Nieuw Guinea Papua New Guinea
97%
Verenigde Staten United States
97%
Griekenland Greece
94%
Zuid-Soedan South Sudan
94%
Oezbekistan Uzbekistan
94%
Centraal Afrikaanse Republiek Central African Republic
91%
Oostenrijk Austria
88%
Estland Estonia
88%
Tjsaad Chad
84%
Servië Serbia
84%
No matching quizzes found
Score Distribution
Percent of People with Each Score
Percentile by Number Answered
Your Score History
You have not taken this quiz